Представление документа в формате MARC21

Поле Инд. ПП Название Значение
Тип записи a
Библиографический уровень m
001 Контрольный номер 0825b649-5ea5-4ec1-b236-16c3a1bf6ccb
005 Дата корректировки 20220620085150.9
008 Кодируемые данные 040625
040 a Служба первич. каталог. НБ ТвГУ
041 0_ a Код языка текста rus
080 a Индекс УДК 316.48
084 a Индекс другой классификации/Индекс ББК С022.2
090 x Авторский знак Ш 93
a Полочн. индекс 1МИ.9
100 1_ a Автор Штракс Григорий Маркович
e Роль лиц Автор
245 00 a Заглавие Социальное противоречие
c Ответственность Г. М. Штракс
260 0_ a Место издания Москва
b Издательство Мысль
c Дата издания 1977
300 a Объем 158 с.
653 0_ a Ключевые слова Социальное противоречие
a Ключевые слова Противоречие в социалистическом обществе
a Ключевые слова Социальная философия
a Ключевые слова Философия
852 41 i Расстановочный признак Проверка 2022
901 t Тип документа m
920 a Оператор Семен
a Оператор Петр
930 a Новая/Ретро ретро
952 c Вид литературы К рн
954 a Дата поступления на обработку 20050517
e Дата перешифровки 20220214
954 a Дата поступления на обработку 20220620